Nuclear Powers and Former States - Statistics

General Stats
  • This quiz has been taken 18 times
  • The average score is 12 of 15
Answer Stats
Rank Answer Nukes % Correct
4 France 290
100%
8 Israel 90
100%
1 Russia 6,375
100%
5 United Kingdom 225
100%
2 United States 5,800
100%
7 India 160
94%
9 North Korea 65
94%
6 Pakistan 170
94%
3 China 410
89%
Former South Africa Dismantled
89%
Former Ukraine Returned
78%
Former Belarus Returned
61%
Former Kazakhstan Returned
61%
Former Iraq Destroyed
44%
Former Libya Dismantled
22%
No matching quizzes found
Score Distribution
Percent of People with Each Score
Percentile by Number Answered
Your Score History
You have not taken this quiz